[Event "SRI-ch Dini"]
[Site "Colombo"]
[Date "2024.07.31"]
[Round "4"]
[White "Jai, Sankar Subramanian"]
[Black "Devansh, Singh"]
[Result "0-1"]
[WhiteElo "2100"]
[BlackElo "1804"]
[PlyCount "98"]
[EventDate "2024.07.29"]
[EventType "swiss"]
[EventRounds "10"]
[EventCountry "SRI"]
[SourceTitle "CBM 221 Extra"]
[Source "ChessBase"]
[SourceDate "2024.09.30"]
[SourceVersion "1"]
[SourceVersionDate "2024.09.30"]
[SourceQuality "1"]

1. e4 d6 2. d4 Nf6 3. Nc3 Nbd7 4. f4 e5 5. Nf3 exd4 6. Qxd4 c6 7. e5 dxe5 8. fxe5 Bc5 9. Qf4 Qe7 10. Bd2 Nb6 11. 0-0-0 Nbd5 12. Nxd5 Nxd5 13. Qg3 Be6 14. Ng5 0-0-0 15. Nxe6 Qxe6 16. Be2 f5 17. Bc4 h6 18. h4 Rhg8 19. Rde1 g5 20. hxg5 hxg5 21. Rh5 f4 22. Qf3 Kb8 23. g4 Qe7 24. a3 Rge8 25. Bb3 Qg7 26. Qe4 Ne3 27. Bc3 Qd7 28. Qf3 Bd4 29. e6 Qd6 30. Bxd4 Qxd4 31. Kb1 Qe5 32. Rh7 a5 33. a4 Rd2 34. Qh1 Rxe6 35. Bxe6 Qxe6 36. Qh6 Qc4 37. Rc1 Rxc2 38. Rxc2 Qxc2+ 39. Ka1 Qxa4+ 40. Kb1 Qd1+ 41. Ka2 Qd5+ 42. Kb1 Qd3+ 43. Ka2 Nc2 44. Qf8+ Ka7 45. Qc5+ Ka6 46. Rh1 Nb4+ 47. Ka1 Qb3 48. Kb1 Qa2+ 49. Kc1 Nd3+ 0-1

[Event "Bhopal Unicorn op 1st"]
[Site "Bhopal"]
[Date "2024.07.14"]
[Round "4"]
[White "Jyotshnav, Talukdar"]
[Black "Devansh, Singh"]
[Result "1-0"]
[WhiteElo "1948"]
[BlackElo "1804"]
[PlyCount "57"]
[EventDate "2024.07.13"]
[EventType "swiss"]
[EventRounds "9"]
[EventCountry "IND"]
[SourceTitle "CBM 221 Extra"]
[Source "ChessBase"]
[SourceDate "2024.09.30"]
[SourceVersion "1"]
[SourceVersionDate "2024.09.30"]
[SourceQuality "1"]

1. d4 d5 2. c4 dxc4 3. Nf3 Nf6 4. e3 a6 5. Bxc4 b5 6. Be2 e6 7. a4 b4 8. b3 Bb7 9. Nbd2 Nbd7 10. Bb2 Be7 11. Rc1 c5 12. 0-0 Rc8 13. dxc5 Nxc5 14. Rc4 Qb6 15. Rd4 Bd5 16. Bc4 Qb7 17. Qa1 Rg8 18. Bxd5 Nxd5 19. Rc1 Bf6 20. Rdc4 Nc3 21. Bxc3 bxc3 22. R1xc3 Bxc3 23. Qxc3 Ke7 24. Rxc5 Rgd8 25. h4 f6 26. Nd4 Kf7 27. Ne4 Ke7 28. Qc4 Rxd4 29. exd4 1-0

[Event "IND-ch 59th"]
[Site "New Delhi"]
[Date "2023.01.03"]
[Round "13"]
[White "Devansh, Singh"]
[Black "Phatak, Aanjaneya"]
[Result "0-1"]
[WhiteElo "1613"]
[BlackElo "2081"]
[PlyCount "176"]
[EventDate "2022.12.22"]
[EventType "swiss"]
[EventRounds "13"]
[EventCountry "IND"]
[SourceTitle "CBM 211 Extra"]
[Source "ChessBase"]
[SourceDate "2023.01.31"]
[SourceVersion "1"]
[SourceVersionDate "2023.01.31"]
[SourceQuality "1"]

1. e4 c5 2. Nf3 d6 3. d4 cxd4 4. Qxd4 Nc6 5. Qe3 g6 6. Bd2 Bg7 7. Bc3 Nf6 8. h3 0-0 9. Bc4 Be6 10. Bb3 d5 11. Nbd2 dxe4 12. Nxe4 Bxb3 13. axb3 Nd5 14. Qc5 Nxc3 15. bxc3 Rc8 16. Rd1 Qc7 17. Qe3 b5 18. 0-0 a5 19. Rd5 Qb7 20. Qd3 b4 21. c4 Rfd8 22. Nc5 Qa7 23. Qe4 Rxd5 24. Qxd5 e6 25. Nxe6 Ne7 26. Qe4 fxe6 27. Qxe6+ Kh8 28. Re1 Rc7 29. Qf7 Ng8 30. Qd5 Qc5 31. Qxc5 Rxc5 32. Re8 Bc3 33. h4 h6 34. Kf1 Kg7 35. Ke2 Kf7 36. Ra8 Ne7 37. Kd3 Nc6 38. Ke4 Ne5 39. Nd4 Ng4 40. Ra7+ Ke8 41. f4 Nf6+ 42. Kd3 Bxd4 43. Kxd4 Rf5 44. g3 Nh5 45. Ra6 Rf6 46. Rxa5 Nxg3 47. Ke3 Nf5+ 48. Ke4 Nxh4 49. Ra8+ Kd7 50. Ra7+ Kc8 51. Ra8+ Kb7 52. Ra4 Nf5 53. Rxb4+ Kc7 54. Ke5 Ra6 55. Rb5 h5 56. Rc5+ Kd7 57. Ke4 Re6+ 58. Kf3 Re3+ 59. Kf2 Rc3 60. Rd5+ Kc6 61. Rd2 h4 62. Kg2 Ne3+ 63. Kg1 Nxc2 64. Rg2 Ne1 65. Rxg6+ Kc5 66. Kf2 Nd3+ 67. Kg1 Nxf4 68. Rh6 h3 69. Kf2 Kd4 70. Rh8 Ke4 71. Re8+ Kf5 72. Kg1 Kg4 73. c5 Kg3 74. Rg8+ Kf3 75. Rf8 Rxc5 76. b4 Rb5 77. Rf7 Rxb4 78. Rf8 Rb5 79. Rg8 Rb1+ 80. Kh2 Rb2+ 81. Kh1 Nh5 82. Rf8+ Kg4 83. Rg8+ Kh4 84. Rh8 Rb6 85. Kh2 Rb7 86. Kg1 Kg3 87. Rg8+ Ng7 88. Kf1 h2 0-1

[Event "IND-ch 59th"]
[Site "New Delhi"]
[Date "2022.12.31"]
[Round "10"]
[White "Tamojit, Chakraborty"]
[Black "Devansh, Singh"]
[Result "1/2-1/2"]
[WhiteElo "1881"]
[BlackElo "1613"]
[PlyCount "97"]
[EventDate "2022.12.22"]
[EventType "swiss"]
[EventRounds "13"]
[EventCountry "IND"]
[SourceTitle "CBM 211 Extra"]
[Source "ChessBase"]
[SourceDate "2023.01.31"]
[SourceVersion "1"]
[SourceVersionDate "2023.01.31"]
[SourceQuality "1"]

1. e4 e5 2. Bc4 Nf6 3. d3 c6 4. Nf3 d6 5. Bb3 Be7 6. h3 Na6 7. c3 0-0 8. 0-0 Nc5 9. Bc2 Qc7 10. Re1 Rd8 11. d4 Ne6 12. d5 Nf8 13. c4 h6 14. Nc3 N6h7 15. Ne2 g5 16. Ng3 Ng6 17. Nf5 Bf8 18. g3 Ne7 19. h4 cxd5 20. cxd5 Bxf5 21. exf5 Rac8 22. Be4 gxh4 23. Nxh4 Nf6 24. Be3 Kh8 25. Bg2 Qc2 26. Bxa7 Qxd1 27. Rexd1 Rc2 28. a4 Ra8 29. Bb6 Rxb2 30. a5 Rc8 31. Rac1 Rcc2 32. f4 Rxc1 33. Rxc1 Nfxd5 34. f6 Nxf6 35. fxe5 dxe5 36. Rf1 Nd7 37. Rxf7 Kg8 38. Rf2 Rb1+ 39. Rf1 Rb5 40. Bxb7 Nxb6 41. axb6 Rxb6 42. Be4 Rb4 43. Re1 Kf7 44. Rf1+ Ke8 45. Ng6 Rxe4 46. Rxf8+ Kd7 47. Rf7 Ke6 48. Rxe7+ Kf6 49. Rxe5 1/2-1/2

[Event "IND-ch 59th"]
[Site "New Delhi"]
[Date "2022.12.26"]
[Round "5"]
[White "Devansh, Singh"]
[Black "Peter Anand, A."]
[Result "0-1"]
[WhiteElo "1613"]
[BlackElo "1916"]
[PlyCount "128"]
[EventDate "2022.12.22"]
[EventType "swiss"]
[EventRounds "13"]
[EventCountry "IND"]
[SourceTitle "CBM 211 Extra"]
[Source "ChessBase"]
[SourceDate "2023.01.31"]
[SourceVersion "1"]
[SourceVersionDate "2023.01.31"]
[SourceQuality "1"]

1. e4 c6 2. Nc3 d5 3. d4 dxe4 4. Nxe4 Bf5 5. Ng3 Bg6 6. N1e2 e6 7. Nf4 Bd6 8. h4 Bxf4 9. Bxf4 h6 10. c3 Nf6 11. Qb3 Qe7 12. h5 Bh7 13. Be5 b6 14. Qc4 Qd7 15. a4 0-0 16. Bxf6 gxf6 17. Bd3 Qd5 18. Bxh7+ Kxh7 19. Qd3+ f5 20. c4 Qd6 21. Nf1 Nd7 22. 0-0-0 Rad8 23. Qc2 Qf4+ 24. Ne3 Nf6 25. g3 Qe4 26. Qc3 Qf3 27. Nd5 Qxc3+ 28. Nxc3 Rd7 29. Rh4 Rfd8 30. b3 Rg8 31. Ne2 Rgd8 32. Nc3 Kg7 33. f3 Kf8 34. b4 Ke7 35. Kc2 Rg8 36. Ne2 Rc8 37. Nc3 Rcd8 38. Kc1 a5 39. bxa5 bxa5 40. Kc2 Rg8 41. Rh3 Rg5 42. Ne2 Rb7 43. d5 cxd5 44. Nd4 Rc7 45. f4 Rxc4+ 46. Kd3 Rxh5 47. Rxh5 Nxh5 48. Rh1 Nxg3 49. Rxh6 Rxa4 50. Nc6+ Kd6 51. Ne5 Rxf4 52. Nxf7+ Ke7 53. Ng5 e5 54. Re6+ Kd7 55. Rxe5 Kc6 56. Re6+ Kc5 57. Ra6 Rd4+ 58. Ke3 Ra4 59. Ne6+ Kb4 60. Kd4 Kb5+ 61. Ke3 Kb4 62. Nc7 Kc5 63. Ne6+ Kb5 64. Nc7+ Kc4 0-1